¿Quién lo hizo? - Literatura - Estadísticas

Estadísticas generales
  • Esta prueba ha sido intentada 593 veces
  • La puntuación promedio es 9 de 15
Estadísticas de respuestas
Obra literaria Publicó Autor % Correcto
Don Quijote de la Mancha 1605 / 1615 Miguel de Cervantes
96%
Hamlet 1603 William Shakespeare
91%
La Divina Comedia 1304 - 1321 Dante Alighieri
88%
Cien años de soledad 1967 Gabriel García Márquez
81%
It o «Eso» 1986 Stephen King
79%
Romancero gitano 1928 Federico García Lorca
77%
El Señor de los Anillos 1954 J. R. R. Tolkien
76%
Asesinato en el Orient Express 1934 Agatha Christie
71%
Orgullo y prejuicio 1813 Jane Austen
71%
Veinte poemas de amor y una canción desesperada 1924 Pablo Neruda
56%
El viejo y el mar 1952 Ernest Hemingway
50%
Ficciones 1944 Jorge Luis Borges
31%
Confesiones c. 398 San Agustín de Hipona
24%
Camino 1934 Josemaría Escrivá de Balaguer
11%
La Edad de Oro 1889 José Martí
8%
No se encontraron pruebas coincidentes
Distribución de puntuación
Porcentaje de gente con cada puntuación
Porcentaje por número respondido
Historial de tus puntuaciones
No has intentado esta prueba.